[Event "AUS-ch reserves"]
[Site "Adelaide"]
[Date "2004.01.02"]
[Round "4.47"]
[White "Eckermann, Andrew"]
[Black "Bristina, Husein"]
[Result "0-1"]
[WhiteElo "1362"]
[BlackElo "1614"]
[PlyCount "120"]
[EventDate "2003.12.??"]
[EventType "swiss"]
[EventRounds "11"]
[EventCountry "AUS"]
[SourceTitle "EXT 2005"]
[Source "ChessBase"]
[SourceDate "2004.11.15"]
[SourceVersion "1"]
[SourceVersionDate "2004.11.15"]
[SourceQuality "1"]

1. e4 c5 2. Nf3 d6 3. d4 cxd4 4. Nxd4 Nf6 5. Nc3 a6 6. Be3 e6 7. a4 Be7 8. Bc4 Qc7 9. Bb3 Nc6 10. Nxc6 bxc6 11. a5 c5 12. 0-0 Bb7 13. Ba4+ Nd7 14. Qg4 0-0 15. Bxd7 Qxd7 16. Bh6 Bf6 17. Rad1 Rfd8 18. Rfe1 e5 19. Qxd7 Rxd7 20. Be3 Bc6 21. Nd5 Bd8 22. b4 Bxd5 23. Rxd5 cxb4 24. Red1 f6 25. Bb6 Bxb6 26. axb6 a5 27. Rxd6 Rxd6 28. Rxd6 Kf7 29. Rd7+ Kg6 30. Ra7 Rb8 31. Rxa5 Rxb6 32. g4 h5 33. h3 hxg4 34. hxg4 Kg5 35. f3 Kf4 36. Kg2 Rc6 37. Ra2 Rc3 38. Rb2 Rxf3 39. Rxb4 Rc3 40. Rb7 Rxc2+ 41. Kf1 Kxg4 42. Rxg7+ Kf3 43. Ke1 Kxe4 44. Rg4+ Kd5 45. Ra4 f5 46. Ra5+ Ke4 47. Ra4+ Ke3 48. Ra3+ Kf4 49. Kd1 Rh2 50. Ra4+ e4 51. Rb4 Kf3 52. Rb3+ e3 53. Ra3 f4 54. Rb3 Rh4 55. Kc2 Kf2 56. Rd3 f3 57. Kb2 e2 58. Rd2 Ke3 59. Rd8 e1Q 60. Re8+ Kf2 0-1